<?xml version="1.0" encoding="UTF-8"?>
<marc:record xmlns:marc="http://www.loc.gov/MARC21/slim">
   <marc:leader>00000nam a2200000 a 4500</marc:leader>
   <marc:datafield ind1=" " ind2=" " tag="653">
      <marc:subfield code="a">Wiener U-Bahnnetz</marc:subfield>
   </marc:datafield>
   <marc:datafield ind1=" " ind2=" " tag="653">
      <marc:subfield code="a">Hotspots</marc:subfield>
   </marc:datafield>
   <marc:datafield ind1=" " ind2=" " tag="653">
      <marc:subfield code="a">Publikumsmagneten</marc:subfield>
   </marc:datafield>
   <marc:datafield ind1=" " ind2=" " tag="653">
      <marc:subfield code="a">Softcover / Reiseführer</marc:subfield>
   </marc:datafield>
   <marc:datafield ind1=" " ind2=" " tag="653">
      <marc:subfield code="a">Führer</marc:subfield>
   </marc:datafield>
   <marc:datafield ind1="0" ind2="0" tag="245">
      <marc:subfield code="a">Wien mit der U-Bahn entdecken</marc:subfield>
   </marc:datafield>
   <marc:datafield ind1="0" ind2="0" tag="245">
      <marc:subfield code="b">der schnelle Stadtführer zu Kultur, Natur und Genuss</marc:subfield>
   </marc:datafield>
   <marc:datafield ind1=" " ind2="1" tag="264">
      <marc:subfield code="a">Wien</marc:subfield>
      <marc:subfield code="b">Metroverl.</marc:subfield>
   </marc:datafield>
   <marc:datafield ind1="1" ind2=" " tag="490">
      <marc:subfield code="a">MetroCitybook</marc:subfield>
   </marc:datafield>
   <marc:datafield ind1="1" ind2=" " tag="520">
      <marc:subfield code="a">Angaben aus der Verlagsmeldung

Wien mit der U-Bahn entdecken : Der schnelle Stadtführer zu Kultur, Natur und Genuss

Wie viele Kilometer hat der Wien-Tourist auf dem Buckel, bevor er sich doch einTaxi schnappt, um die maroden Füße zu schonen?Das U-Bahnnetz ist die simpelste Form, eine Stadt in den Griff zu bekommen.Das gilt für Touristen gleichermaßen wie für die Wiener, die ihre Routen durchdie Stadt mithilfe des U-Bahnnetzes planen. Die interessantestenPublikumsmagnete der Metropole, aber auch die wenig bekannten skurrilenHotspots sind nur wenige Meter von den Wiener U-Bahnstationen entfernt.Dieser völlig neuartige Reiseführer hat sie alle versammelt und zeigt, wie einfachWien mit der U-Bahn zu erkunden ist.
</marc:subfield>
   </marc:datafield>
   <marc:datafield ind1=" " ind2=" " tag="020">
      <marc:subfield code="a">9783993001728</marc:subfield>
      <marc:subfield code="9">9783993001728</marc:subfield>
   </marc:datafield>
   <marc:datafield ind1=" " ind2=" " tag="041">
      <marc:subfield code="a">ger</marc:subfield>
   </marc:datafield>
   <marc:datafield ind1=" " ind2=" " tag="300">
      <marc:subfield code="a">123 S.</marc:subfield>
   </marc:datafield>
</marc:record>
